000
00252nam a22000857a 4500
008
160824b xxu||||| |||| 00| 0 eng d
100
_a
Malhotra, S.S
_9
228
245
_a
Fun With Mental Mathematics : Teacher's Copy - 8
260
_a
New Delhi
_b
Frank Bro
_c
2006
999
_c
2885
_d
2885